| Tag |
First Indicator |
Second Indicator |
Subfields |
| LEADER |
00000cam a2200000 i 4500 |
| 001 |
in00000411713 |
| 005 |
20151012050659.0 |
| 008 |
800425s1979 ve b 00000 spa |
| 010 |
|
|
|a 80105231
|
| 035 |
|
|
|a (OCoLC)06102741
|
| 035 |
|
|
|9 ABT0805AM
|
| 040 |
|
|
|a DLC
|c DLC
|d TXA
|d UtOrBLW
|
| 043 |
|
|
|a cl-----
|
| 049 |
|
|
|a TXAM
|c [A09249933]
|
| 050 |
0 |
0 |
|a HC125
|b .P437
|
| 245 |
0 |
0 |
|a Pensamiento de la ilustracion :
|b economia y sociedad iberoamericanas en el siglo XVIII /
|c compilacion, prologo, notas y cronologia, Jose Carlos Chiaramonte.
|
| 264 |
|
1 |
|a Caracas :
|b Biblioteca Ayacucho,
|c 1979.
|
| 300 |
|
|
|a xl, 449 pages ;
|c 24 cm.
|
| 336 |
|
|
|a text
|b txt
|2 rdacontent
|
| 337 |
|
|
|a unmediated
|b n
|2 rdamedia
|
| 338 |
|
|
|a volume
|b nc
|2 rdacarrier
|
| 490 |
1 |
|
|a Biblioteca Ayacucho ;
|v 51
|
| 504 |
|
|
|a Includes bibliographical references.
|
| 651 |
|
0 |
|a Latin America
|x Economic conditions.
|
| 651 |
|
0 |
|a Latin America
|x Social conditions.
|
| 651 |
|
0 |
|a Latin America
|x Intellectual life.
|
| 700 |
1 |
|
|a Chiaramonte, José Carlos.
|
| 830 |
|
0 |
|a Biblioteca Ayacucho (Caracas, Venezuela) ;
|v 51.
|
| 999 |
|
|
|a MARS
|
| 999 |
f |
f |
|s 60b421e5-bdc3-3ce3-9020-f48e3fd3db84
|i a29235b7-a336-3c01-8ac4-0f6e995de01c
|t 0
|
| 952 |
f |
f |
|p ric
|a Texas A&M University
|b Rellis Campus
|c Joint Library Facility
|d Remote Storage
|t 0
|e HC125 .P437
|h Library of Congress classification
|i unmediated -- volume
|m A14809249933
|
| 998 |
f |
f |
|a HC125 .P437
|t 0
|l Remote Storage
|